000 00529nam a2200205Ia 4500
005 20140402152934.0
008 140130s9999 xx 000 0 und d
020 _a9780590684842
050 _aPZ 7
_b.L3274El 2002
100 _aLasky, Katherine
_924630
245 _cKatherine Lasky /
_aElizabeth I :
_bred rose of the house of Tudor /
260 _bScholastic,
_c2002.
_aUSA :
300 _a237 p. :
_c19 cm.
440 _v1
521 _aG6
526 _c820
942 _cBK
_2lcc
999 _c41190
_d41190